000 00536nam a2200181 i 4500
001 81754
003 ES-MaACL
005 20250905131257.0
007 t|
008 041105s1949 ag ||||1| spa d
100 1 _aHuxley, Julian.
_964859
245 1 0 _aHormigas /
_cJulian Huxley ; traducción de Angel Cabrera.
260 _aBuenos Aires :
_bSudamericana,
_c1949 (
_fJ. Hays Bell)
300 _a131 p. ;
_c21 cm.
700 1 _aCabrera, Ángel,
_d1879-1960
_933276
852 _aES-MaACL
_jD-5590
_bR.31541
999 _c81754
_d81754